000 00642nam a22001937a 4500
005 20251108165316.0
008 250721s1998 xx 000 0 ara d
082 1 4 _a928.11/محم
100 1 _aحور، محمد
245 1 0 _aشاعر الوجدان :
_bالشيخ محمد بن راشد آل مكتوم /
264 1 _aبيروت :
_bالمؤسسة العربية للدراسات و النشر،
_c1998.
300 _a243ص
650 1 7 _aالشعر العربي
650 1 7 _aالشعراء العرب
650 1 7 _aالتراجم
650 1 7 _aالإمارات العربية المتحدة
942 _2ddc
_cBK
999 _c24717
_d24717